| 000 | 01907cam a2200421 i 4500 | ||
|---|---|---|---|
| 999 |
_c9210 _d9210 |
||
| 001 | 18556127 | ||
| 003 | GBCCL | ||
| 005 | 20241126110707.0 | ||
| 007 | cr_||||||||||| | ||
| 008 | 150407s2015 ilu ob 001 0 eng | ||
| 010 | _a 2015013812 | ||
| 020 | _a9781433550751 (pdf) | ||
| 020 | _a9781433550768 (mobi) | ||
| 020 | _a9781433550775 ( epub) | ||
| 020 | _z9781433550744 (tp) | ||
| 040 |
_aDLC _beng _cDLC _erda _dDLC |
||
| 042 | _apcc | ||
| 050 | 0 | 0 | _aBJ1278.C66 |
| 082 | 0 | 0 |
_a241.1 _223 _bNAS |
| 100 | 1 |
_aNaselli, Andrew David, _d1980- _915822 |
|
| 245 | 1 | 0 |
_aConscience : _bwhat it is, how to train it, and loving those who differ / _cAndrew David Naselli and J. D. Crowley ; foreword by D. A. Carson. |
| 250 | _aIndian edition | ||
| 264 | 1 |
_aWheaton, Illinois : _bCrossway, _c[2020] |
|
| 300 | _a1 online resource. | ||
| 336 |
_atext _btxt _2rdacontent |
||
| 337 |
_acomputer _bc _2rdamedia |
||
| 338 |
_aonline resource _bcr _2rdacarrier |
||
| 504 | _aIncludes bibliographical references and index. | ||
| 505 | 0 | _aWhat is conscience? -- How do we define conscience from the Bible? -- What should you do when your conscience condemns you? -- How should you calibrate your conscience? -- How should you relate to fellow Christians when your consciences disagree? -- How should you relate to people in other cultures when your consciences disagree? -- A closing prayer. | |
| 588 | _aDescription based on print version record and CIP data provided by publisher. | ||
| 650 | 0 |
_aConscience _xReligious aspects _xChristianity. _916020 |
|
| 650 | 0 |
_aChristian ethics. _968 |
|
| 700 | 1 |
_aCrowley, J. D. (James Dale), _d1967- _916021 |
|
| 776 | 0 | 8 |
_iPrint version: _aNaselli, Andrew David, 1980- _tConscience _dWheaton, Illinois : Crossway, [2015] _z9781433550744 _w(DLC) 2015013003 |
| 906 |
_a7 _bcbc _corigcop _d1 _eecip _f20 _gy-gencatlg |
||
| 942 |
_2ddc _cBK _08 |
||